| 000 | 00746cam a2200229 4500 | ||
|---|---|---|---|
| 001 | ABS64795 | ||
| 008 | 011121n2001 000 0 eng u | ||
| 035 | _a(Sirsi) u115661 | ||
| 100 | _aLong, K. | ||
| 245 | _aStudy period | ||
| 260 | _c2001 | ||
| 490 |
_aBuilding Design _v(1507) 26 October 2001, 13(1) |
||
| 520 | _aDiscusses a recent conference on Achieving Excellence in PFI Schools presented jointly by Cabe and the DfES, aiming to transform the standard of school design. Lists suggested ten steps to the ideal PFI school. | ||
| 590 | _aABS | ||
| 650 | _aCABE | ||
| 650 | _aPFI | ||
| 650 | _aSCHOOLS | ||
| 650 | _aCONFERENCES | ||
| 650 | _aDFES | ||
| 690 | _aMANAGEMENT-BUSINESS MANAGEMENT-FINANCIAL MANAGEMENT | ||
| 942 | _n0 | ||
| 999 |
_c68884 _d68884 |
||